书目信息 |
| 题名: |
生物药物分析与检验
|
|
| 作者: | 杨汝德 , 吴晓英 编著 | |
| 分册: | ||
| 出版信息: | 广州 华南理工大学出版社 2005 |
|
| 页数: | 263页 | |
| 开本: | 26cm | |
| 丛书名: | ||
| 单 册: | ||
| 中图分类: | R392-33 , R917 , TQ460.7 | |
| 科图分类: | ||
| 主题词: | 生物制品--药物分析--高等学校--教材 , 生物制品 , 药物分析 , 生物制品--药品检定--高等学校--教材 , 药品检定 , 药物--制造--化学工业 | |
| 电子资源: | ||
| ISBN: | 7-5623-1775-5 | |
| 000 | 01042nam0 2200325 450 | |
| 001 | 07079000377 | |
| 005 | 20070721133306.39 | |
| 010 | @a7-5623-1775-5@dCNY27.00 | |
| 100 | @a20020326d2005 em y0chiy0110 ea | |
| 101 | 0 | @achi |
| 102 | @aCN@b440000 | |
| 105 | @aa z 000yy | |
| 200 | 1 | @a生物药物分析与检验@Asheng wu yao wu fen xi yu jian yan@f杨汝德, 吴晓英编著 |
| 210 | @a广州@c华南理工大学出版社@d2005 | |
| 215 | @a263页@c图表@d26cm | |
| 300 | @a生物科学与工程系列教材 | |
| 330 | @a本书主要内容包括酶分析法、免疫法分析、高效液相色谱法及其应用、生物检定法、杂质与安全检查、基因工程药物的质量控制等。 | |
| 606 | 0 | @a生物制品@x药物分析@x高等学校@j教材 |
| 606 | 0 | @a生物制品 |
| 606 | 0 | @a药物分析 |
| 606 | 0 | @a生物制品@x药品检定@x高等学校@j教材 |
| 606 | 0 | @a药品检定 |
| 606 | 0 | @a药物@x制造@x化学工业 |
| 690 | @aR392-33@v4 | |
| 690 | @aR917@v4 | |
| 690 | @aTQ460.7@v3 | |
| 701 | 0 | @a杨汝德@Ayang ru de@4编著 |
| 701 | 0 | @a吴晓英@Awu xiao ying@4编著 |
| 801 | 0 | @aCN@bTAOJIN@c20070721 |
| 905 | @a10447@dTQ460.7@e33 | |
| 生物药物分析与检验/杨汝德, 吴晓英编著.-广州:华南理工大学出版社,2005 |
| 263页:图表;26cm |
| 生物科学与工程系列教材 |
| ISBN 7-5623-1775-5:CNY27.00 |
| 本书主要内容包括酶分析法、免疫法分析、高效液相色谱法及其应用、生物检定法、杂质与安全检查、基因工程药物的质量控制等。 |
| ● |
| 相关链接 |
|
|
|
|
正题名:生物药物分析与检验
索取号:TQ460.7/33
 
预约/预借
| 序号 | 登录号 | 条形码 | 馆藏地/架位号 | 状态 | 备注 |
| 1 | 0822362 | 208223625 | 第二样本阅览室/ [索取号:TQ460.7/33] | 在馆 | |
| 2 | 0822363 | 208223634 | 第三借阅区/ [索取号:TQ460.7/33] | 在馆 | |
| 3 | 0822364 | 208223643 | 第三借阅区/ [索取号:TQ460.7/33] | 在馆 | |
| 4 | 0822365 | 208223652 | 第三借阅区/ [索取号:TQ460.7/33] | 在馆 | |
| 5 | 0822366 | 208223661 | 第三借阅区/ [索取号:TQ460.7/33] | 在馆 |